UK History Picture Quiz - A - Statistics

General Stats
  • This quiz has been taken 1,325 times
  • The average score is 7 of 15
Answer Stats
Picture Hint Answer % Correct
Queen Victoria's husband Prince {Albert}
94%
First wife of Henry VIII Catherine of {Aragon}
92%
World famous singer born in 1988 Adele
91%
King that burnt the cakes {Alfred} the Great
68%
Cricket tournament between England and Australia The {Ashes}
64%
Remembrance Day first held at Buckingham Palace {Armistice} Day
51%
Prime Minister at start of WW1 Herbert Henry {Asquith}
37%
WW2 bomb shelter {Anderson} Shelter
36%
1966 school disaster Aberfan
33%
N.I. town made a city in 1994 Armagh
27%
Oil Rig disaster in 1988 Piper {Alpha}
27%
Designer of the Mini car Sir {Alec} Issigonis
27%
Aircraft carrier decommissioned in 2011 Ark Royal
22%
Overseas Territory claimed in 1815 {Ascension} Island
18%
Roman Wall {Antonine} Wall
16%
No matching quizzes found
Score Distribution
Percent of People with Each Score
Percentile by Number Answered
Your Score History
You have not taken this quiz